000 00598nam a2200181Ia 4500
003 GCL
008 140319s9999 xx 000 0 ara d
040 _aGCL /
_cGCL
082 0 4 _a821.9م
_bت ا
100 1 _aتوفيق صايغ
245 1 0 _aالاعمال الكاملة 50 قصيدة من الشعر الامريكى المعاصر /
_cتوفيق صايغ
260 _a[S.N] :
_bرياض الريس للكتب والنشر ،
_c1990
300 _a391 ص
490 _a
650 0 4 _aالشعر الامريكى
650 0 4 _aالادب الامريكى المترجم
942 _2ddc
_cBK
999 _c35788
_d35788